|
|
|
|
| LEADER |
00000nab a2200000ua 4500 |
| 001 |
vtls010787780 |
| 003 |
SK-MaSNL |
| 005 |
20260303182245.0 |
| 008 |
230222s1977 xo |||||||||||||||||eng| |
| 035 |
|
|
|a (urnnbn)urn:nbn:sk:snk:ar-a02xxp
|
| 035 |
|
|
|a (uuid)e7a4385a-bd75-45f9-bd51-f3480aece73b
|
| 035 |
|
|
|a urn:nbn:sk:snk-ab4pbl
|
| 040 |
|
|
|a SNKBUCL
|b slo
|c SNKBUCL
|e AACR2
|
| 041 |
0 |
|
|a eng
|
| 044 |
|
|
|a xo
|c SK
|
| 100 |
1 |
|
|a Horkovlč, Gabriel
|4 aut
|9 1209803
|
| 245 |
1 |
0 |
|a SYSTEMS APPROACH TO MEMORY: PSYCHOLOGY, NEUROPHYSIOLOGY, MODELLING
|c Gabriel Horkovlč, Ivan Šípoš, Zdena Droppová
|
| 700 |
1 |
|
|a Šípoš, Ivan,
|d 1927-1988
|4 aut
|9 109127
|
| 700 |
1 |
|
|a Ruiselová, Zdena,
|d 1948-2020
|4 aut
|9 226872
|
| 773 |
0 |
|
|t Studia psychologica : an international journal for research and theory in psychological sciences
|g Roč. 19, č. 3 (1977), s. 178-190
|
| 958 |
|
|
|a OND
|
| 958 |
|
|
|a EUIPO
|
| 958 |
|
|
|a article3
|
| 999 |
|
|
|c 2116276
|d 2118206
|